000 01125cam a22003134a 4500
001 15272205
003 EG-ScBUE
005 20250126111816.0
008 080422t2009 iaua f 001 0 eng d
020 _a9780071284523
020 _a0071284524
040 _aDLC
_beng
_erda
_cDLC
_dDLC
_dEG-ScBUE
082 0 4 _a530
_222
_bGRI
100 1 _aGriffith, W. Thomas,
_eauthor.
_93084
245 1 4 _aThe physics of everyday phenomena :
_ba conceptual introduction to physics /
_cW. Thomas Griffith, Pacific University, Juliet W. Brosing, Pacific University.
250 _aSixth edition.
264 1 _aDubuque, IA :
_bMcGraw-Hill,
_c[2009]
264 4 _cc2009
300 _axvi, 512 pages :
_bcolor illustrations ;
_c28 cm
336 _2rdacontent
_atext
_btxt
337 _aunmediated
_2rdamedia
_bn
338 _avolume
_bnc
_2rdacarrier
500 _aIncludes index.
650 7 _aPhysics.
_2BUEsh
_93085
655 _vReading book
700 1 _aBrosing, Juliet Wain,
_d1953-
_eauthor.
_93086
942 _2ddc
_cBB
999 _c11169
_d11169